01653nam a2200409Ia 4500001000900000003000500009005001700014008004100031010001100072020001800083040000900101082002000110100002800130245016300158260004900321300001500370500008800385503000800473590002100481650004100502650005800543650004000601650005100641650003800692650005300730650003900783650003800822650006000860650003200920700005600952901002001008902000601028905006301034942001501097999001901112952011201131dia_6282CHAP20251023171901.0220117s2001 xx 000 0 und d a177681 a970-613-688-6 cCHAP a658.45 D59 2001 aDixon, Nancy M.9161838 aEl conocimiento común : como prosperan las compañías que comparten lo que saben /c Nancy M. Dixon ; traducción Carlos Eduardo González Hernández aMéxico :b Oxford University Press,c2001 aix, 208 p. aTítulo original: Common Knowledge: how companies thrive by sharing what they know aC/e aHD58.82 D59 2001 aAprendizaje organizacional 9161839 aBusiness enterprisesxCommunication systems 9161840 aCooperación intelectual 9161841 aEmpresasxSistemas de comunicación 9161842 aÉxito en los negocios 9161843 aInformation networksxEconomic aspects 9161844 aIntellectual cooperation 9161845 aOrganizational learning 9161846 aRedes de informaciónxAspectos económicos 9161847 aSuccess in business9161848 aGonzález Hernández, Carlos Eduardo, tr.9161849 a658.45 D59 2001 aM a5232272001 mx ain 8222223322spa16 cLIBRO2ddc c177681d177681 00102ddc40708GRALaIA_bIA_c1d2022-01-18f1l0pdia_001376r2022-01-18 00:00:00t1w2022-01-18yLIBRO